000 00927nam a2200289 a 4500
008
020 _a0750640790 (pbk. )
049 _aMAIN
090 _aR733
245 0 0 _aComplementary therapies for physical therapists /
_cedited by Robert A. Charman.
260 _aOxford :
_bButterworth-Heinemann,
_cc2000.
300 _axviii, 301 p. :
_bill. ;
_c25 cm.
500 _aIncludes a guide to UK based physiotherapy organisations.
500 _aIncludes index.
500 _aIncludes bibliographical references.
650 0 _aAlternative medicine.
650 0 _aPhysical therapists.
650 0 _aPhysical therapy.
650 1 2 _aAlternative Medicine
_xmethods.
650 2 2 _aPhysical Therapy
_xmethods.
700 1 _aCharman, Robert A.
907 _a.b10146386
_b21-03-05
_c12-01-05
003
005 20230123133907.0
040 _cNUST
942 _cBOOKS
_kR733
999 _c156431
_d156431